Pokalbiai
| Titel: | Pokalbiai / Algirdas Julius Greimas ; sudarė Arūnas Sverdiolas |
|---|---|
| Verfasser: | |
| Beteiligt: | |
| Veröffentlicht: | Vilnius : Vilniaus universiteto leidykla, 2022 |
| Umfang: | 613 Seiten |
| Format: | Buch |
| Sprache: | Litauisch |
| ISBN: | 9786090707036 |
| Hinweise zum Inhalt: |
Cover
Register Abstract Inhaltsverzeichnis |
alg: 52485691 001A $03004:19-12-24 001B $01999:24-04-25 $t11:54:27.000 001D $03004:19-03-25 001U $0utf8 001X $00 002@ $0Aau 002C $aText $btxt $2rdacontent 002D $aohne Hilfsmittel zu benutzen $bn $2rdamedia 002E $aBand $bnc $2rdacarrier 003@ $0524856915 004A $A978-609-07-0703-6 007A $0524856915 $aHEB 007G $0 009P $qapplication/pdf $A2 $3Cover $uhttp://scans.hebis.de/HEBCGI/show.pl?52485691_cov.pdf $mV:DE-603;B:DE-Mb50 009P $qapplication/pdf $A2 $3Register $uhttp://scans.hebis.de/HEBCGI/show.pl?52485691_idx.pdf $mV:DE-603;B:DE-Mb50 009P $qapplication/pdf $A2 $3Abstract $uhttp://scans.hebis.de/HEBCGI/show.pl?52485691_sum.pdf $mV:DE-603;B:DE-Mb50 009P $qapplication/pdf $A2 $3Inhaltsverzeichnis $uhttp://scans.hebis.de/HEBCGI/show.pl?52485691_toc.pdf $mV:DE-603;B:DE-Mb50 010@ $alit 010E $erda 011@ $a2022 013D $RGespräch $RInterviewleitfaden $#Interviews $#Entretiens $#Entrevistas (Periodismo) $#Entrevistas $#interviews $#Interview $#Interview $#Interview $#Befragung Interview $74027503-6 $8Interview [Ts1] $9085070343 021A $aPokalbiai $hAlgirdas Julius Greimas ; sudarė Arūnas Sverdiolas 028A $BVerfasser $#Greimas, Algirdas-Julien $#Greimas, A. J. $#Greimas, A.-J. $#Greimas, Algirdas J. $#Greimas, Algirdas Julius $#Grejmas, Alʹgirdas J. $#Grejmas, Alʹgirdas-Juljus $#Grejmas, Alʹgirdas-Žjulʹen $#Geleimasi, A. J. $#Ge lei ma si, A. J. $#Greimas, Algirdas $#Greimas, Algirdas-Julius $4aut $7118787470 $8Greimas, Algirdas Julien$Z1917-1992 [Tp1] $908712808X 028C $BZusammenstellender $#Sverdiolas, A. $4com $71056134674 $8Sverdiolas, Arūnas$Z1949- [Tp3] $9345851498 033A $pVilnius $nVilniaus universiteto leidykla 034D $a613 Seiten 037A $aLiteraturverzeichnis Seite 449-479 044K $#Greimas, Algirdas-Julien $#Greimas, A. J. $#Greimas, A.-J. $#Greimas, Algirdas J. $#Greimas, Algirdas Julius $#Grejmas, Alʹgirdas J. $#Grejmas, Alʹgirdas-Juljus $#Grejmas, Alʹgirdas-Žjulʹen $#Geleimasi, A. J. $#Ge lei ma si, A. J. $#Greimas, Algirdas $#Greimas, Algirdas-Julius $7118787470 $8Greimas, Algirdas Julien$Z1917-1992 [Tp1] $908712808X 044K $RLitovskaja Gubernija $RLitauische Sozialistische Sowjetrepublik $#Litauen $#Litauen $#Litauen $#Lithuania $#Lietuvos Respublika $#République Lithuanienne $#Lithuanie $#Litva 1918 - 1940, 1991, 9 - $#Litovskaja Respublika $#Lithuania 1918 - 1940, 1991, 9 - $#Republik Litauen $#Republic of Lithuania $#Lithuanian Republic $#Litauische Republik $#Lietuva $#Litwa $74074266-0 $8Litauen [Tg1] $9085209074 044K $#Semantics $#General semantics $#Sémantique $#Sémantique générale $#Semántica general $#Semantik $#Semantik $#Bedeutungslehre $#Allgemeine Semantik $#Allgemeinsemantik $74054490-4 $8Semantik [Ts1] $9085151610 044K $RBuch $RSchriftsteller $#Literature $#Littérature $#Letteratura $#Literatura $#literature $#Literature $#Literatur $#Literatur $#Belletristik $#Dichtung Literatur $#Schöne Literatur $#Sprachkunst $#Wortkunst $74035964-5 $8Literatur [Tsz] $9085097128 044K $RKulturphilosophie $RZivilisation $#Civilization $#Culture $#Civilisation $#Culture $#Cultura $#Civilización $#Kultur $#Kultur $#kulturelle Faktoren $74125698-0 $8Kultur [Tsz] $9085424803 045F $a400 $eDDC23BSB 045F/01 $a400 045F/03 $g4793 045G $a809 $eDDC23BSB 045G/01 $a809 045G/03 $g4793 045R $aGeschichte 1956-1992 046L $aEnglische Zusammenfassung lok: 52485691 24 exp: 52485691 24 1 #EPN 201B/01 $019-03-25 $t15:42:23.000 201C/01 $019-12-24 201U/01 $0utf8 203@/01 $01286923093 208@/01 $a19-03-25 $bz 209A/01 $a25.01014 $du $f050 $h25 01014 $x00 209C/01 $a25.01014 K $h25 01014 K 209G/01 $a74860745 $x00 220C/01 $acer 247C/01 $8358050-7Marburg, Bibliothek des Herder-Instituts Marburg $9102600961
| LEADER | 00000cam a2200000 c 4500 | ||
|---|---|---|---|
| 001 | 524856915 | ||
| 003 | DE-603 | ||
| 005 | 20250424115427.0 | ||
| 007 | tu | ||
| 008 | 241219s2022 xx |||| | u00||u|lit c | ||
| 020 | |a 9786090707036 | ||
| 035 | |a (DE-599)HEB524856915 | ||
| 040 | |a DE-603 |b ger |c DE-603 |d DE-603 |e rda | ||
| 041 | |a lit | ||
| 082 | 0 | 4 | |8 1\u |a 400 |q DE-101 |2 23/BSB |
| 083 | 0 | |8 2\u |a 809 |q DE-101 |2 23/BSB | |
| 085 | |8 1\u |b 400 | ||
| 085 | |8 1\u |z 2 |s 4793 | ||
| 085 | |8 2\u |b 809 | ||
| 085 | |8 2\u |z 2 |s 4793 | ||
| 100 | 1 | |a Greimas, Algirdas Julien |d 1917-1992 |e Verfasser |4 aut |0 (DE-603)08712808X |0 (DE-588)118787470 |2 gnd | |
| 245 | 0 | 0 | |a Pokalbiai |c Algirdas Julius Greimas ; sudarė Arūnas Sverdiolas |
| 264 | 1 | |a Vilnius |b Vilniaus universiteto leidykla |c 2022 | |
| 300 | |a 613 Seiten | ||
| 336 | |a Text |b txt |2 rdacontent | ||
| 337 | |a ohne Hilfsmittel zu benutzen |b n |2 rdamedia | ||
| 338 | |a Band |b nc |2 rdacarrier | ||
| 500 | |a Literaturverzeichnis Seite 449-479 | ||
| 546 | |a Englische Zusammenfassung | ||
| 600 | 1 | 7 | |a Greimas, Algirdas Julien |d 1917-1992 |0 (DE-588)118787470 |0 (DE-603)08712808X |2 gnd |
| 648 | 7 | |a Geschichte 1956-1992 |2 gnd | |
| 650 | 7 | |a Semantik |0 (DE-588)4054490-4 |0 (DE-603)085151610 |2 gnd | |
| 650 | 7 | |a Literatur |0 (DE-588)4035964-5 |0 (DE-603)085097128 |2 gnd | |
| 650 | 7 | |a Kultur |0 (DE-588)4125698-0 |0 (DE-603)085424803 |2 gnd | |
| 651 | 7 | |a Litauen |0 (DE-588)4074266-0 |0 (DE-603)085209074 |2 gnd | |
| 655 | 7 | |a Interview |2 gnd-content |0 (DE-588)4027503-6 |0 (DE-603)085070343 | |
| 700 | 1 | |a Sverdiolas, Arūnas |d 1949- |e Zusammenstellender |4 com |0 (DE-603)345851498 |0 (DE-588)1056134674 |2 gnd | |
| 856 | 4 | 2 | |m V:DE-603;B:DE-Mb50 |q application/pdf |u http://scans.hebis.de/HEBCGI/show.pl?52485691_cov.pdf |3 Cover |
| 856 | 4 | 2 | |m V:DE-603;B:DE-Mb50 |q application/pdf |u http://scans.hebis.de/HEBCGI/show.pl?52485691_idx.pdf |3 Register |
| 856 | 4 | 2 | |m V:DE-603;B:DE-Mb50 |q application/pdf |u http://scans.hebis.de/HEBCGI/show.pl?52485691_sum.pdf |3 Abstract |
| 856 | 4 | 2 | |m V:DE-603;B:DE-Mb50 |q application/pdf |u http://scans.hebis.de/HEBCGI/show.pl?52485691_toc.pdf |3 Inhaltsverzeichnis |
| 924 | 0 | |9 Mb 50 |a (DE-603)1286923093 |b DE-Mb50 |c HES |d c |g 25.01014 | |


